Largest cities in Cote d'Ivoire - Statistics

General Stats
  • This quiz has been taken 93 times
  • The average score is 3 of 5
Answer Stats
Answer % Correct
Abidjan
98%
Yamoussoukro
87%
Bouake
43%
Daloa
28%
Korhogo
28%
No matching quizzes found
Score Distribution
Percent of People with Each Score
Percentile by Number Answered
Your Score History
You have not taken this quiz